| 000 | 00451nam a2200181Ia 4500 | ||
|---|---|---|---|
| 008 | 240925s9999 xx 000 0 und d | ||
| 020 | _a9781259026683 | ||
| 082 | _a658.1552 KHA | ||
| 100 | _aKhan, M. Y. | ||
| 245 | 0 | _aManagement Accounting | |
| 250 | _a6th | ||
| 260 |
_aNew Delhi: _bTata McGraw Hill _c,2013. |
||
| 300 |
_axiii, 685p. _b0 _fOriginal |
||
| 500 | _aIncludes Index | ||
| 600 | _aManagement | ||
| 650 | _aManagement | ||
| 942 | _cBK | ||
| 999 |
_c16516 _d16516 |
||